Constructibility

Saved in:
Bibliographic Details
Main Author: Devlin, Keith J.
Format: Book
Language:English
Published: United Kindom : Cambridge University Press, c2016.
Series:Perspectives in logic
Subjects:
Tags: Add Tag
No Tags, Be the first to tag this record!

MARC

LEADER 00000nam a2200000 a 4500
001 1/116128
008 180315t2016####uk | ||| |||| ||eng||
020 |a 9781107168350 
040 |a GR-MyUa  |b gre  |c GR-MyUa  |e AACR2 
041 0 |a eng 
082 7 |a 511.3  |2 (23) 
100 1 |a Devlin, Keith J. 
245 1 0 |a Constructibility /   |c Keith J. Devlin.  
260 |a United Kindom :   |b Cambridge University Press,   |c c2016.  
300 |a xi, 425 σ. ;   |c 24 εκ.  
490 1 |a (Perspectives in logic)  
504 |a Βιβλιογραφία: σ. 415-417. Περιέχει ευρετήριο.  
650 0 |a Constructibility (Set theory) 
830 0 |a Perspectives in logic 
852 |a INST  |b SAMOS  |e 20180315  |h 511.3 DEV  |p 005300045321  |q 005300045321  |t BK  |y 0 
922 |a 3ΕΛΗ  |b 2017-12  |c Μεταπτυχιακό/Τμήμα Μαθηματικών  |d Liberal Books 
970 |a Φιλιππή  |b Φάλη  |z 15-03-2018